00939cam a2200265 a 45000010008000000030009000080050017000170080041000340100017000750200033000920200035001250400028001600500020001880820023002081000025002312450108002562500012003642600062003763000039004385040051004776500031005286500044005596510047006037000023006504016021BDDh-ASL20231015030937.0970605s1990 couab b 001 0 eng  a 97017880  a1555877885 (hc : alk. paper) a1555876218 (pbk. : alk. paper) aDLCcDLCdDLCdBDDh-ASL00aD843b.M34 199700a327.09045221bWIW1 aMcWilliams, Wayne C.14aThe world since 1945 :ba history of international relations /cWayne C. McWilliams & Harry Piotrowski. a4th ed. aBoulder, Colo. :bLynne Rienner Publishers,c1997.c1990. axi, 619 p. :bill., maps ;c24 cm. aIncludes bibliographical references and index. 0aWorld politicsy1945-1989. 0aMilitary history, Moderny20th century. 0aDeveloping countriesxEconomic conditions.1 aPiotrowski, Harry.